Central Library OPAC University of Rajshahi

Principles of optics : (Record no. 84952)

MARC details
000 -LEADER
fixed length control field 00935nam a2200289 a 4500
001 - CONTROL NUMBER
control field 84952
003 - CONTROL NUMBER IDENTIFIER
rucl marc code BD-RjUL
005 - DATE AND TIME OF LATEST TRANSACTION
control field 20250519155651.0
008 - FIXED-LENGTH DATA ELEMENTS--GENERAL INFORMATION
fixed length control field 250519r19931980enka 001 0 eng d
020 ## - INTERNATIONAL STANDARD BOOK NUMBER
International Standard Book Number 0080264824
International Standard Book Number 0080264816
035 ## - SYSTEM CONTROL NUMBER
System control number (BD-RjUL)84952
040 ## - CATALOGING SOURCE
Original cataloging agency BD-RjUL
Language of cataloging eng
Transcribing agency BD-RjUL
041 ## - LANGUAGE CODE
Language code of text/sound track or separate title eng
082 ## - DEWEY DECIMAL CLASSIFICATION NUMBER
Edition number 23
Classification number 535
Author mark and year BOP 1993
100 1# - MAIN ENTRY--PERSONAL NAME
Personal name Born, Max
Dates associated with a name 1882-1970.
9 (RLIN) 212420
245 10 - TITLE STATEMENT
Title Principles of optics :
Remainder of title electromagnetic theory of propagation, interference and diffraction of light /
Statement of responsibility, etc. by Max Born and Emil Wolf ; with contributions by A. B. Bhatia ... [et al.].
250 ## - EDITION STATEMENT
Edition statement 6th ed.
260 ## - PUBLICATION, DISTRIBUTION, ETC. (IMPRINT)
Place of publication, distribution, etc. Oxford :
Name of publisher, distributor, etc. Pergamon,
Date of publication, distribution, etc. 1980, [reprinted 1993]
300 ## - PHYSICAL DESCRIPTION
Pagination xxviii, 806 p. :
Illustrations ill. ;
Size 25 cm.
500 ## - GENERAL NOTE
General note Includes index
650 #0 - SUBJECT ADDED ENTRY--TOPICAL TERM
Topical term or geographic name as entry element Optics
9 (RLIN) 212421
Topical term or geographic name as entry element Electromagnetic theory
9 (RLIN) 117647
700 1# - ADDED ENTRY--PERSONAL NAME
Personal name Wolf, Emil.
Personal name Bhatia, A. B.
942 ## - ADDED ENTRY ELEMENTS (KOHA)
Source of classification or shelving scheme Dewey Decimal Classification
Koha item type Books
Holdings
Lost status Source of classification or shelving scheme Damaged status Not for loan Collection code Permanent Location Current Location Shelving location Date acquired Source of acquisition Cost, normal purchase price Total Checkouts Full call number Date last seen Copy number Koha item type
  Dewey Decimal Classification   Not For Loan Non-fiction Central Library, University of Rajshahi Central Library, University of Rajshahi Reading Room 11/11/1996 Progressive Book 300.00   535 BOP 1993 19/05/2025 C-1 Books